| 000 | 00641nam a22001937a 4500 | ||
|---|---|---|---|
| 003 | NUST | ||
| 005 | 20240124141709.0 | ||
| 008 | 220719b ||||| |||| 00| 0 eng d | ||
| 020 | _a9781259098598 | ||
| 082 | _a621.31924,ALE | ||
| 100 |
_aAlexander, K. Charles _993820 |
||
| 245 |
_aFundamentals of electrical circuits / _cCharles K. Alexander & Matthew N.O. Sadiku |
||
| 250 | _a5th edition | ||
| 260 |
_aIndia _bMcGraw Hill _c2013 |
||
| 300 | _a950 p | ||
| 505 | _aPart-1: DC Circuits (Page-2), Part-2: AC Circuits (Page-368), Part-3: Advanced Circuits Analysis (Page-675). | ||
| 650 |
_aElectric circuits _910997 |
||
| 942 |
_2ddc _cREF |
||
| 999 |
_c590357 _d590357 |
||